Luật thuế xuất khẩu; thuế nhập khẩu năm 2005

Na minha lista:
Detalhes bibliográficos
Formato: Livro
Idioma:Undetermined
Publicado em: Hà Nội Tư Pháp 2005
Assuntos:
Tags: Adicionar Tag
Sem tags, seja o primeiro a adicionar uma tag!
Thư viện lưu trữ: Trung tâm Học liệu Trường Đại học Cần Thơ
LEADER 00511nam a2200169Ia 4500
001 CTU_107535
008 210402s9999 xx 000 0 und d
082 |a 343.597056 
082 |b L504 
245 0 |a Luật thuế xuất khẩu; thuế nhập khẩu năm 2005 
260 |a Hà Nội 
260 |b Tư Pháp 
260 |c 2005 
650 |a Taxation,Tariff 
650 |x Law and legislation,Law and legislation 
904 |i Minh 
980 |a Trung tâm Học liệu Trường Đại học Cần Thơ